LEADER 01269nam--2200385---450- 001 990000647360203316 005 20050817111657.0 010 $a88-464-29-12-5 035 $a0064736 035 $aUSA010064736 035 $a(ALEPH)000064736USA01 035 $a0064736 100 $a20010928d2001----km-y0itay0103----ba 101 $aita 102 $aIT 105 $a||||||||001yy 200 1 $aEDS: esplorare, descrivere, e sintetizzare i dati$eguida pratica all'analisi dei dati nella ricerca sociale$fGiovanni Di Franco 210 $aMilano$cF.Angeli$dcopyr.2001 215 $a255 p.$d23 cm$eCD-ROM 225 2 $a<>riccio e la volpe$v1 410 0$12001$a<>riccio e la volpe$v1 606 $aScienze sociali$xRicerche$xMetodi statistici 676 $a300.72 700 1$aDI FRANCO,$bGiovanni$0145641 801 0$aIT$bsalbc$gISBD 912 $a990000647360203316 951 $aII.5. 4387(XV B Coll 544/1)$b9328 E.C.$cXV B Coll$d00073948 959 $aBK 969 $aUMA 979 $aANGELA$b90$c20010928$lUSA01$h1331 979 $c20020403$lUSA01$h1714 979 $aPATRY$b90$c20040406$lUSA01$h1645 979 $aCOPAT1$b90$c20050817$lUSA01$h1116 996 $aEDS: esplorare, descrivere, e sintetizzare i dati$9958063 997 $aUNISA LEADER 01231oam 2200301z- 450 001 996465579703316 005 20190227224548.0 035 $a(CKB)1000000000234398 035 $a(EXLCZ)991000000000234398 100 $a20190107c1996uuuu -u- - 101 0 $aeng 200 10$aComputer aided systems theory--EUROCAST '95 $ea selection of papers from the Fifth International Workshop on Computer Aided Systems Theory, Innsbruck, Austria, May 22-25, 1995 : proceedings /$fF. Pichler, R. Moreno Di?az, R. Albrecht, eds 210 $cSpringer Berlin Heidelberg 311 $a3-540-60748-X 606 $aComputer-aided engineering$xCongresses 606 $aComputer-aided design$xCongresses 606 $aSystems engineering$xData processing$xCongresses 615 0$aComputer-aided engineering$xCongresses. 615 0$aComputer-aided design$xCongresses. 615 0$aSystems engineering$xData processing$xCongresses. 676 $a003/.3 701 $aMoreno-Díaz$b Roberto$053948 701 $aPichler$b Franz$f1936-$0109399 701 $aAlbrecht$b R. F$g(Rudolf F.),$f1925-$031050 906 $aBOOK 912 $a996465579703316 996 $aComputer Aided Systems Theory ? EUROCAST '95$92830463 997 $aUNISA